Errätst du diese Gemüse/Obstsorten anhand 3 Hinweise? - Statistiken

Allgemein
  • Dieses Quiz wurde 411 mal gespielt
  • Das Durchschnittsergebnis liegt bei 8 aus 15
Antwortstatistiken
Hinweis Antwort % Korrekt
krumm & gelb Banane
98%
Gelb, aus dem USA, Man stellt Popcorn damit her Mais
93%
rund, rot, stammt aus Mittelamerika Tomate
75%
Spongebob lebt in einer, von innen Gelb, haarig Ananas
67%
Saftig, Rot/Grün mit schwarzen Kernen, Sommer Wassermelone/Melone
65%
Orange, Pferde essen diese gerne, lang Möhren/Karotten
62%
Erinnert an einen Baum, grün, nicht sehr beliebt bei Kindern Brokkoli
61%
Rot, hängt am Baum, süß als auch sauer zu haben Kirsche
60%
Meistens rund, aus der Erde, Beliebt in Deutschland Kartoffeln
58%
Orange, rund, bringt dir der Nikolaus Mandarinen
48%
Hart, rund, Braun von außen innen weiß Kokosnuss
39%
Gegen Vampire, rund, haben eine Schale Zwiebeln
32%
Braune Haut die man abpellt, in der Mitte weiß, ganz innen ein schwarzer Kern Litschi
19%
Aus der Türkei, klein, orange, süß Aprikose
15%
klein, rot/pink, bitteren Geschmack Radieschen
15%
Keine übereinstimmenden Quizze gefunden
Verteilung der Resultate
Anzahl Personen mit jedem Resultat
Perzentil nach korrekt beantworteten Fragen
Ihre Resultats-Entwicklung
Sie haben dieses Quiz noch nicht gespielt